Catálogo

Ciencia y religión : (Registro nro. 41449)

Detalles MARC
000 -LEADER
fixed length control field 01040cam a2200325 i 4500
001 - CONTROL NUMBER
control field 41449
003 - CONTROL NUMBER IDENTIFIER
control field Mx-PuUPA
005 - DATE AND TIME OF LATEST TRANSACTION
control field 20251029101202.0
008 - FIXED-LENGTH DATA ELEMENTS--GENERAL INFORMATION
fixed length control field 140415s2020 ag gr 001 0 spa d
020 ## - INTERNATIONAL STANDARD BOOK NUMBER
International Standard Book Number 9789506232146
040 ## - CATALOGING SOURCE
Original cataloging agency Mx-PuUPA
Language of cataloging spa
Transcribing agency Mx-PuUPA
Modifying agency Mx-PuUPA
Description conventions rda
041 0# - LANGUAGE CODE
Language code of text/sound track or separate title spa
100 1# - MAIN ENTRY--PERSONAL NAME
Personal name Florio, Lucio,
Relator term autor
9 (RLIN) 15189
245 10 - TITLE STATEMENT
Title Ciencia y religión :
Remainder of title perspectivas históricas, epistemológicas y teológicas /
Statement of responsibility, etc. Lucio Florio
250 ## - EDITION STATEMENT
Edition statement 1a ed.
264 #1 - PRODUCTION, PUBLICATION, DISTRIBUTION, MANUFACTURE, AND COPYRIGHT NOTICE
Place of production, publication, distribution, manufacture Salta, Argentina :
Name of producer, publisher, distributor, manufacturer EUCASA (Ediciones Universidad Católica de Salta),
Date of production, publication, distribution, manufacture, or copyright notice ©2020
300 ## - PHYSICAL DESCRIPTION
Extent 125 páginas ;
Dimensions 23 cm
336 ## - CONTENT TYPE
Fuente rdacontent
Content type term texto
Content type code txt
337 ## - MEDIA TYPE
Source rdamedia
Media type term sin medio
Media type code n
338 ## - CARRIER TYPE
Source rdacarrier
Carrier type term volumen
Carrier type code nc
490 0# - SERIES STATEMENT
Series statement EUCASA Identidad
490 0# - SERIES STATEMENT
Series statement Fé y razón
650 #7 - SUBJECT ADDED ENTRY--TOPICAL TERM
Source of heading or term armarc
Topical term or geographic name entry element Religión y ciencia
650 #7 - SUBJECT ADDED ENTRY--TOPICAL TERM
Source of heading or term armarc
Topical term or geographic name entry element Vida cristiana
650 #7 - SUBJECT ADDED ENTRY--TOPICAL TERM
Source of heading or term armarc
Topical term or geographic name entry element Teología
650 #7 - SUBJECT ADDED ENTRY--TOPICAL TERM
Source of heading or term armarc
Topical term or geographic name entry element Filosofía
942 ## - ADDED ENTRY ELEMENTS (KOHA)
Source of classification or shelving scheme Dewey Decimal Classification
Koha item type Libro
Classification part 261.55
Item part F62
Existencias
Withdrawn status Lost status Source of classification or shelving scheme Damaged status Not for loan Collection code Home library Current library Shelving location Date acquired Source of acquisition Total Checkouts Full call number Barcode Date last seen Price effective from Koha item type
    Dewey Decimal Classification     General Centro de Estudios en Ciencia y Religión Centro de Estudios en Ciencia y Religión Sala general 03/12/2013 Compra   261.55 F62 2020 62532 05/01/2026 03/12/2013 Libro